LIBRARY & INFORMATION CENTRE, KCAET, TAVANUR

ONLINE PUBLIC ACCESS CATALOGUE (OPAC)

Soil Dynamics in Tillage and Traction, (Record no. 13971)

MARC details
000 -LEADER
fixed length control field 00685cam a22001931 4500
020 ## - INTERNATIONAL STANDARD BOOK NUMBER
ISBN 9788172338039
082 00 - DEWEY DECIMAL CLASSIFICATION NUMBER
Classification number 631.51
Item number GIL/SO
100 1# - MAIN ENTRY--AUTHOR NAME
Personal name Gill, William R.
100 1# - MAIN ENTRY--AUTHOR NAME
Personal name Vanden Berg, Glen E.,
245 10 - TITLE STATEMENT
Title Soil Dynamics in Tillage and Traction,
260 ## - PUBLICATION, DISTRIBUTION, ETC. (IMPRINT)
Place of publication New Delhi
Name of publisher Scientific Publishers (India)
Year of publication 2013
300 ## - PHYSICAL DESCRIPTION
Number of Pages viii, 511 p.
Other physical details illus.
490 1# - SERIES STATEMENT
Series statement United States. Dept. of Agriculture. Agriculture handbook ;
500 ## - GENERAL NOTE
General note Agricultural Research Service, U.S. Dept. of Agriculture; [for sale by the Supt. of Docs., U.S. Govt. Print. Off.,
650 #0 - SUBJECT ADDED ENTRY--TOPICAL TERM
Topical Term Soil dynamics.
650 #0 - SUBJECT ADDED ENTRY--TOPICAL TERM
Topical Term Tillage.
650 #0 - SUBJECT ADDED ENTRY--TOPICAL TERM
Topical Term Farm tractors.
942 ## - ADDED ENTRY ELEMENTS (KOHA)
Koha item type Books
Holdings
Withdrawn status Lost status Damaged status Collection code Home library Current library Shelving location Date acquired Source of acquisition Cost, normal purchase price Full call number Accession Number Koha item type
      Non-fiction KAUAET KAUAET General Stacks 30/03/2013 Neoti Book Agency 1750.00 631.51 GIL/SO 23895 Books
        KAUAET KAUAET General Stacks 19/07/2016 Arunima Book Distributors,TVPM 1750.00 631.51 GIL/SO 24575 Books
free website counter